000 00464nam a22001817a 4500
003 MPLRDC
005 20220104142926.0
008 210129b ||||| |||| 00| 0 eng d
020 _a7-5007-0116-0
082 _a868.71 ZXS-3
100 _a中学生杂志社编
245 _a我是怎样学习的
_c
250 _a一版一刷
260 _a中国
_b中国少年儿童出版社
_c1987
300 _b
650 _a马华文学
942 _cBK
_o868.71 ZXS-3
999 _c34945
_d34935